Normal view MARC view
  • Tuli Uma

Entry Personal Name

Number of records used in: 1

001 - CONTROL NUMBER

  • control field: 179011

003 - CONTROL NUMBER IDENTIFIER

  • control field: OSt

005 - DATE AND TIME OF LATEST TRANSACTION

  • control field: 20230314152623.0

008 - FIXED-LENGTH DATA ELEMENTS

  • fixed length control field: 230314|| aca||aabn | a|a d

040 ## - CATALOGING SOURCE

  • Original cataloging agency: OSt
  • Transcribing agency: OSt

100 ## - HEADING--PERSONAL NAME

  • Personal name: Tuli Uma

670 ## - SOURCE DATA FOUND

  • Source citation: Work cat.: (OSt)140497: Tuli Uma, Better Care of Children with Locomotor Disability : Marching ahead for better tomorrow, 2000